Special report: business parks (Record no. 104581)

MARC details
000 -LEADER
fixed length control field 00657cab a2200169 4500
001 - CONTROL NUMBER
control field L130787
008 - FIXED-LENGTH DATA ELEMENTS--GENERAL INFORMATION
fixed length control field 050727n2005 000 0 eng u
035 ## - SYSTEM CONTROL NUMBER
System control number (Sirsi) u130787
041 ## - LANGUAGE CODE
Language code of text/sound track or separate title eng
245 ## - TITLE STATEMENT
Title Special report: business parks
260 ## - PUBLICATION, DISTRIBUTION, ETC.
Date of publication, distribution, etc. 2005
490 ## - SERIES STATEMENT
Series statement Property Week
Volume/sequential designation 70(34) 26 August 2005, 71-80(6)
520 ## - SUMMARY, ETC.
Summary, etc. Special report examining the business park sector, including subletting and mixed use. Includes Strutt and Parker/IPD Business Park Index data on the sector, including rents and yields, and 2004 performance.
590 ## - LOCAL NOTE (RLIN)
Local note IKA300805
690 ## - LOCAL SUBJECT ADDED ENTRY--TOPICAL TERM (OCLC, RLIN)
Topical term or geographic name as entry element PROPERTY-COMMERCIAL PROPERTY-OFFICE PROPERTY-BUSINESS PARKS
942 ## - ADDED ENTRY ELEMENTS (KOHA)
Suppress in OPAC 0
Holdings
Withdrawn status Lost status Source of classification or shelving scheme Damaged status Not for loan Home library Current library Shelving location Date acquired Total Checkouts Full call number Barcode Date last seen Copy number Price effective from Koha item type
    Dewey Decimal Classification     London London Journal article 30/08/2005   L130787 130787-1001 06/08/2019 1 06/08/2019 Journal article